[Event "ISR-chT"]
[Site "Israel"]
[Date "2018.03.02"]
[Round "11.4"]
[White "Caspi, Israel"]
[Black "Grinshpun, Eduard"]
[Result "1-0"]
[WhiteElo "2461"]
[BlackElo "2360"]
[PlyCount "159"]
[EventDate "2018.01.05"]
[EventType "team-tourn"]
[EventRounds "11"]
[EventCountry "ISR"]
[SourceTitle "EXT 2019"]
[Source "ChessBase"]
[SourceDate "2018.10.10"]
[SourceVersion "1"]
[SourceVersionDate "2018.10.10"]
[SourceQuality "1"]
[WhiteTeam "Herzliya"]
[BlackTeam "Petah Tikva Elitzur Dov"]
[WhiteTeamCountry "ISR"]
[BlackTeamCountry "ISR"]

1. e4 c6 2. d4 d5 3. e5 Bf5 4. Nf3 e6 5. Be2 Nd7 6. 0-0 Be7 7. Nbd2 g5 8. Nb3 h5 9. Ne1 h4 10. h3 Nh6 11. Nd3 Rg8 12. a4 Qc7 13. a5 a6 14. Ra4 0-0-0 15. Re1 f6 16. exf6 Nxf6 17. Ne5 Bd6 18. Bd3 Ne4 19. f3 Ng3 20. Nc5 Bxc5 21. dxc5 Nf7 22. Nxf7 Qxf7 23. Re5 Qf6 24. Re1 e5 25. Bxf5+ Qxf5 26. Rg4 e4 27. c3 Nh5 28. Rf1 Ng3 29. Rf2 Rdf8 30. Be3 exf3 31. Rxf3 Qe6 32. Rxg5 Rh8 33. Rg4 Rfg8 34. Rxg8+ Rxg8 35. Kh2 Ne4 36. Qf1 Qe5+ 37. Kg1 Ng3 38. Rf8+ Rxf8 39. Qxf8+ Kd7 40. Qf7+ Kc8 41. Qf3 Nf5 42. Bf4 Qe4 43. Qg4 Kd7 44. Kh2 Ke7 45. Qg5+ Kf7 46. Bd6 Qe6 47. Bb8 Qe4 48. b4 Ne3 49. Be5 Nf1+ 50. Kg1 Ne3 51. Qg7+ Ke8 52. Bd6 Qb1+ 53. Kf2 Nd1+ 54. Ke2 Qc2+ 55. Ke1 Qxc3+ 56. Qxc3 Nxc3 57. Be5 Ne4 58. Ke2 Kf7 59. Kf3 Ke6 60. Kf4 Nd2 61. Bc3 Nc4 62. Bd4 Na3 63. Bf2 Nc2 64. Bxh4 Nxb4 65. Ke3 Na2 66. Be1 Ke5 67. Bg3+ Ke6 68. Bc7 Nc1 69. g4 Nb3 70. Bb6 Ke5 71. h4 d4+ 72. Kd3 Kf4 73. h5 Kg5 74. Kc2 Na1+ 75. Kb2 d3 76. Kc3 Nc2 77. Kxd3 Nb4+ 78. Ke4 Nd5 79. Bd8+ Kh6 80. Bh4 1-0

[Event "ISR-chT"]
[Site "Israel"]
[Date "2018.02.23"]
[Round "9.4"]
[White "Grinshpun, Eduard"]
[Black "Shohat, Yotam"]
[Result "1/2-1/2"]
[WhiteElo "2360"]
[BlackElo "2204"]
[PlyCount "23"]
[EventDate "2018.01.05"]
[EventType "team-tourn"]
[EventRounds "11"]
[EventCountry "ISR"]
[SourceTitle "EXT 2019"]
[Source "ChessBase"]
[SourceDate "2018.10.10"]
[SourceVersion "1"]
[SourceVersionDate "2018.10.10"]
[SourceQuality "1"]
[WhiteTeam "Petah Tikva Elitzur Dov"]
[BlackTeam "Haifa Nesher"]
[WhiteTeamCountry "ISR"]
[BlackTeamCountry "ISR"]

1. Nf3 Nf6 2. c4 c5 3. Nc3 Nc6 4. d4 cxd4 5. Nxd4 g6 6. e4 d6 7. Be2 Nxd4 8. Qxd4 Bg7 9. Bg5 0-0 10. Qd2 a5 11. 0-0 a4 12. Rac1 1/2-1/2

[Event "ISR-chT 1112"]
[Site "Israel"]
[Date "2012.02.24"]
[Round "9.5"]
[White "Grinshpun, Eduard"]
[Black "Umarov, Sabir"]
[Result "1-0"]
[WhiteElo "2395"]
[BlackElo "2368"]
[PlyCount "79"]
[EventDate "2011.12.16"]
[EventType "team-tourn"]
[EventRounds "11"]
[EventCountry "ISR"]
[SourceTitle "EXT 2013"]
[Source "ChessBase"]
[SourceDate "2012.11.22"]
[SourceVersion "1"]
[SourceVersionDate "2012.11.22"]
[SourceQuality "1"]

1. d4 g6 2. c4 Bg7 3. Nc3 d6 4. e4 Nd7 5. Nge2 e5 6. Be3 Ne7 7. Qd2 0-0 8. 0-0-0 Nb6 9. b3 Nd7 10. h4 exd4 11. Nxd4 Re8 12. h5 Nf8 13. hxg6 Nexg6 14. Bg5 f6 15. Bh6 Qe7 16. Be2 c6 17. f4 Bxh6 18. Rxh6 Qg7 19. Rdh1 Rd8 20. g4 Ne7 21. Nf5 Bxf5 22. exf5 d5 23. Qd4 dxc4 24. Qxf6 Qxf6 25. Rxf6 cxb3 26. Bc4+ Nd5 27. Nxd5 cxd5 28. Bxb3 Rac8+ 29. Kd2 Rc6 30. Rxc6 bxc6 31. Rc1 Nd7 32. Rxc6 Nb6 33. Rc7 a5 34. f6 a4 35. Rg7+ Kf8 36. Bc2 Rd7 37. Rxh7 Rxh7 38. Bxh7 Kf7 39. g5 a3 40. Kd3 1-0

[Event "ISR-chT 1112"]
[Site "Israel"]
[Date "2012.02.03"]
[Round "7.6"]
[White "Gruenfeld, Yehuda"]
[Black "Grinshpun, Eduard"]
[Result "1-0"]
[WhiteElo "2480"]
[BlackElo "2395"]
[PlyCount "117"]
[EventDate "2011.12.16"]
[EventType "team-tourn"]
[EventRounds "11"]
[EventCountry "ISR"]
[SourceTitle "EXT 2013"]
[Source "ChessBase"]
[SourceDate "2012.11.22"]
[SourceVersion "1"]
[SourceVersionDate "2012.11.22"]
[SourceQuality "1"]

1. e4 e5 2. Nf3 Nc6 3. Bb5 a6 4. Ba4 Nf6 5. 0-0 Nxe4 6. d4 b5 7. Bb3 d5 8. dxe5 Be6 9. Nbd2 Nc5 10. c3 g6 11. Bc2 Bg7 12. Nd4 Nxe5 13. f4 Nc4 14. Nxc4 dxc4 15. f5 Bd5 16. Qe1+ Kd7 17. Qg3 Kc8 18. Bg5 Qd6 19. Bf4 Qb6 20. Rad1 Rd8 21. Qh3 Kb7 22. Qxh7 Bxd4+ 23. Rxd4 gxf5 24. Be3 Qg6 25. Qxg6 fxg6 26. Rfd1 Kc6 27. g4 Ne6 28. R4d2 Be4 29. Rxd8 Rxd8 30. Rxd8 Nxd8 31. Bxe4+ fxe4 32. h4 Kd5 33. Kf2 Ne6 34. h5 gxh5 35. gxh5 Ke5 36. h6 Nf8 37. Bc5 Nh7 38. Ke3 Kf5 39. Be7 c6 40. Bd8 Nf8 41. Be7 Nh7 42. Kd4 Kf4 43. Bh4 e3 44. a4 bxa4 45. Kxc4 Ke4 46. Be1 Kf3 47. Kb4 Ke2 48. Bh4 Kd1 49. Kxa4 Kc2 50. Ka3 Nf8 51. c4 e2 52. b4 Kc3 53. c5 Kc4 54. Ka4 Ng6 55. Bg3 Nf8 56. Ka5 Kd5 57. Kxa6 Ke6 58. Kb7 Kd5 59. Be1 1-0

[Event "ISR-chT 08"]
[Site "Israel"]
[Date "2008.04.05"]
[Round "7.5"]
[White "Grinshpun, Eduard"]
[Black "Gershkowich, David"]
[Result "1/2-1/2"]
[WhiteElo "2425"]
[BlackElo "2312"]
[PlyCount "79"]
[EventDate "2007.12.26"]
[EventType "team-tourn"]
[EventRounds "11"]
[EventCountry "ISR"]
[SourceTitle "EXT 2009"]
[Source "ChessBase"]
[SourceDate "2008.11.26"]
[SourceVersion "1"]
[SourceVersionDate "2008.11.26"]
[SourceQuality "1"]
[WhiteTeam "Herzliya"]
[BlackTeam "Kefar Sava Hapoel"]
[WhiteTeamCountry "ISR"]
[BlackTeamCountry "ISR"]

1. c4 e5 2. g3 Nf6 3. Bg2 Nc6 4. Nc3 g6 5. d3 Bg7 6. Rb1 a5 7. a3 0-0 8. b4 axb4 9. axb4 Ne7 10. Bg5 h6 11. Bxf6 Bxf6 12. e3 c6 13. Nge2 d5 14. cxd5 cxd5 15. d4 exd4 16. Nxd4 Qc7 17. Rc1 Qd6 18. b5 h5 19. 0-0 h4 20. Qf3 hxg3 21. hxg3 Bxd4 22. exd4 Ra3 23. Ra1 Bg4 24. Qxg4 Rxc3 25. Rfe1 Qf6 26. Re5 Rb3 27. Rae1 Nf5 28. Rxd5 Rd8 29. Ree5 Rb1+ 30. Kh2 Rxd5 31. Rxd5 Rb4 32. Qf4 Kg7 33. Rd7 Rxb5 34. Bxb7 Nxd4 35. Bd5 Ne6 36. Qxf6+ Kxf6 37. f4 g5 38. f5 Kxf5 39. Rxf7+ Ke5 40. Bxe6 1/2-1/2

[Event "ISR-chT 08"]
[Site "Israel"]
[Date "2008.03.28"]
[Round "4.6"]
[White "Grinshpun, Eduard"]
[Black "Mayo, Oded"]
[Result "1-0"]
[WhiteElo "2425"]
[BlackElo "2197"]
[PlyCount "64"]
[EventDate "2007.12.26"]
[EventType "team-tourn"]
[EventRounds "11"]
[EventCountry "ISR"]
[SourceTitle "EXT 2009"]
[Source "ChessBase"]
[SourceDate "2008.11.26"]
[SourceVersion "1"]
[SourceVersionDate "2008.11.26"]
[SourceQuality "1"]
[WhiteTeam "Herzliya"]
[BlackTeam "Holon Hapoel"]
[WhiteTeamCountry "ISR"]
[BlackTeamCountry "ISR"]

1. Nf3 Nf6 2. c4 g6 3. Nc3 Bg7 4. e4 c5 5. d4 cxd4 6. Nxd4 Nc6 7. Be3 0-0 8. Be2 d6 9. 0-0 Bd7 10. Re1 Nxd4 11. Bxd4 Bc6 12. Bd3 a5 13. Qd2 Nd7 14. Bxg7 Kxg7 15. Re3 Nc5 16. Rh3 h5 17. Re1 e5 18. Bb1 Ne6 19. Rd3 Nf4 20. Rxd6 Qg5 21. g3 h4 22. Kf1 hxg3 23. fxg3 Ne6 24. Qxg5 Nxg5 25. h4 Ne6 26. Bc2 Rac8 27. Nd5 Nd4 28. Bd3 Rce8 29. Kg2 f5 30. Kh3 fxe4 31. Bxe4 Rf2 32. Bxg6 Rxb2 1-0

[Event "EU-Cup 23rd"]
[Site "Kemer"]
[Date "2007.10.09"]
[Round "7.5"]
[White "Grinshpun, Eduard"]
[Black "Carlsson, Pontus"]
[Result "0-1"]
[WhiteElo "2418"]
[BlackElo "2481"]
[PlyCount "56"]
[EventDate "2007.10.03"]
[EventType "team-swiss"]
[EventRounds "7"]
[EventCountry "TUR"]
[SourceTitle "CBM 121"]
[Source "ChessBase"]
[SourceDate "2007.11.14"]
[SourceVersion "1"]
[SourceVersionDate "2007.11.14"]
[SourceQuality "1"]
[WhiteTeam "Herzliya"]
[BlackTeam "Sollentuna"]
[WhiteTeamCountry "ISR"]
[BlackTeamCountry "SWE"]

1. Nf3 Nf6 2. c4 c5 3. Nc3 e6 4. g3 b6 5. Bg2 Bb7 6. 0-0 Be7 7. Re1 Ne4 8. Nxe4 Bxe4 9. d3 Bb7 10. e4 0-0 11. b3 d6 12. d4 cxd4 13. Nxd4 a6 14. a4 Nd7 15. a5 bxa5 16. Bd2 a4 17. Rxa4 Qb6 18. Ba5 Qa7 19. Ra2 Rac8 20. h4 Rfe8 21. Bc3 Qb8 22. Ba1 Nf6 23. Qe2 Bf8 24. Qd3 d5 25. exd5 exd5 26. Rxe8 Rxe8 27. Re2 dxc4 28. bxc4 Rc8 0-1

[Event "EU-Cup 23rd"]
[Site "Kemer"]
[Date "2007.10.07"]
[Round "5.5"]
[White "Grinshpun, Eduard"]
[Black "Kytoniemi, Jyrki"]
[Result "1-0"]
[WhiteElo "2418"]
[BlackElo "2277"]
[PlyCount "59"]
[EventDate "2007.10.03"]
[EventType "team-swiss"]
[EventRounds "7"]
[EventCountry "TUR"]
[SourceTitle "CBM 121"]
[Source "ChessBase"]
[SourceDate "2007.11.14"]
[SourceVersion "1"]
[SourceVersionDate "2007.11.14"]
[SourceQuality "1"]
[WhiteTeam "Herzliya"]
[BlackTeam "Tampere"]
[WhiteTeamCountry "ISR"]
[BlackTeamCountry "FIN"]

1. Nf3 b6 2. g3 Bb7 3. Bg2 g6 4. d4 Bg7 5. c4 Nf6 6. 0-0 0-0 7. Nc3 Ne4 8. Bd2 Nxd2 9. Qxd2 e6 10. e4 d6 11. d5 Nd7 12. dxe6 fxe6 13. Nd4 Nc5 14. b4 e5 15. Nb3 Ne6 16. c5 dxc5 17. Qxd8 Raxd8 18. bxc5 Nd4 19. Rfd1 Bc8 20. cxb6 cxb6 21. Nxd4 exd4 22. Nd5 Bg4 23. Rd2 d3 24. Rc1 Be2 25. f4 Bd4+ 26. Kh1 Rxd5 27. exd5 Be3 28. Rxe2 Bxc1 29. Re4 Rd8 30. Rd4 1-0

[Event "EU-Cup 23rd"]
[Site "Kemer"]
[Date "2007.10.04"]
[Round "2.5"]
[White "Grinshpun, Eduard"]
[Black "Lutsko, Igor"]
[Result "1/2-1/2"]
[WhiteElo "2418"]
[BlackElo "2428"]
[PlyCount "47"]
[EventDate "2007.10.03"]
[EventType "team-swiss"]
[EventRounds "7"]
[EventCountry "TUR"]
[SourceTitle "CBM 121"]
[Source "ChessBase"]
[SourceDate "2007.11.14"]
[SourceVersion "1"]
[SourceVersionDate "2007.11.14"]
[SourceQuality "1"]
[WhiteTeam "Herzliya"]
[BlackTeam "Vesnianka Gran"]
[WhiteTeamCountry "ISR"]
[BlackTeamCountry "BLR"]

1. Nf3 Nf6 2. c4 d6 3. Nc3 e5 4. d4 Nbd7 5. e4 g6 6. Be2 Bg7 7. d5 a5 8. Bg5 h6 9. Be3 Ng4 10. Bd2 Nc5 11. h3 Nf6 12. Qc2 Bd7 13. Be3 b6 14. g4 Nh7 15. 0-0-0 Bf6 16. Bxh6 Ng5 17. Bxg5 Bxg5+ 18. Nxg5 Qxg5+ 19. Qd2 Qxd2+ 20. Kxd2 Rh4 21. Rdg1 Ke7 22. Rg3 Rah8 23. b3 R4h7 24. Nd1 1/2-1/2

[Event "EU-Cup 23rd"]
[Site "Kemer"]
[Date "2007.10.03"]
[Round "1.5"]
[White "Killane, Jack"]
[Black "Grinshpun, Eduard"]
[Result "0-1"]
[WhiteElo "2116"]
[BlackElo "2418"]
[PlyCount "40"]
[EventDate "2007.10.03"]
[EventType "team-swiss"]
[EventRounds "7"]
[EventCountry "TUR"]
[SourceTitle "CBM 121"]
[Source "ChessBase"]
[SourceDate "2007.11.14"]
[SourceVersion "1"]
[SourceVersionDate "2007.11.14"]
[SourceQuality "1"]
[WhiteTeam "Rathmines"]
[BlackTeam "Herzliya"]
[WhiteTeamCountry "IRL"]
[BlackTeamCountry "ISR"]

1. e4 e5 2. Nf3 Nc6 3. Bc4 Bc5 4. c3 Nf6 5. d4 exd4 6. cxd4 Bb4+ 7. Nc3 Nxe4 8. 0-0 Bxc3 9. d5 Bf6 10. Re1 Ne7 11. Rxe4 d6 12. Bg5 Bxg5 13. Nxg5 h6 14. Qh5 0-0 15. Rae1 Ng6 16. Nxf7 Qf6 17. Re6 Qxf7 18. Qxg6 Qxf2+ 19. Kh1 Bxe6 20. Qxe6+ Qf7 0-1

[Event "ISR-chT"]
[Site "Israel"]
[Date "2002.03.15"]
[Round "7"]
[White "Gelfer, Israel"]
[Black "Grinshpun, Eduard"]
[Result "0-1"]
[WhiteElo "2331"]
[BlackElo "2365"]
[PlyCount "105"]
[EventDate "2002.01.10"]
[EventType "team"]
[EventRounds "11"]
[EventCountry "ISR"]
[SourceTitle "EXT 2003"]
[Source "ChessBase"]
[SourceDate "2002.11.25"]
[SourceVersion "1"]
[SourceVersionDate "2002.11.25"]
[SourceQuality "1"]

1. d4 f5 2. g3 Nf6 3. Bg2 g6 4. Nf3 Bg7 5. 0-0 0-0 6. b3 d6 7. Bb2 Qe8 8. c4 e5 9. dxe5 Ng4 10. Nc3 dxe5 11. e4 Na6 12. Ba3 c5 13. Qe2 f4 14. Rad1 Nf6 15. Bb2 h6 16. Nb5 Bg4 17. h3 Bxf3 18. Bxf3 Nh7 19. h4 h5 20. Qd2 fxg3 21. fxg3 Rd8 22. Qxd8 Qxd8 23. Rxd8 Rxd8 24. Rd1 Rf8 25. Kg2 Nb4 26. Rd7 Nc2 27. Bc3 Nf6 28. Rd3 Bh6 29. Nc7 Ne3+ 30. Kg1 Nfg4 31. Be2 Rf2 32. Bxg4 Rf1+ 33. Kh2 Nxg4+ 34. Kg2 Rf2+ 35. Kg1 Rxa2 36. Rd8+ Kf7 37. Rd7+ Kf6 38. Nd5+ Ke6 39. Rxb7 Be3+ 40. Nxe3 Nxe3 41. Rb8 Rg2+ 42. Kh1 Rc2 43. Ba5 Ng4 44. Re8+ Kf7 45. Rc8 Nf2+ 46. Kg2 Nxe4+ 47. Kf3 Nf6 48. Rxc5 Ke6 49. Be1 Kf5 50. Rc8 Rb2 51. b4 Rb3+ 52. Ke2 Ne4 53. Rf8+ 0-1

[Event "Tel Aviv Autumn Int"]
[Site "Tel Aviv"]
[Date "1998.12.12"]
[Round "9"]
[White "Postny, Evgeny"]
[Black "Grinshpun, Eduard"]
[Result "1/2-1/2"]
[WhiteElo "2260"]
[BlackElo "2365"]
[PlyCount "24"]
[EventDate "1998.12.08"]
[EventType "tourn"]
[EventRounds "9"]
[EventCountry "ISR"]
[EventCategory "3"]
[SourceTitle "CBM 067 Extra"]
[Source "ChessBase"]
[SourceDate "1999.01.01"]
[SourceVersion "1"]
[SourceVersionDate "1999.01.01"]
[SourceQuality "1"]

1. e4 e5 2. Nf3 Nc6 3. Bb5 a6 4. Ba4 Nf6 5. 0-0 Nxe4 6. d4 b5 7. Bb3 d5 8. dxe5 Be6 9. Nbd2 Nc5 10. c3 Bg4 11. Bc2 Be7 12. Qe1 Ne6 1/2-1/2

[Event "Tel Aviv Autumn Int"]
[Site "Tel Aviv"]
[Date "1998.12.10"]
[Round "5"]
[White "Botvinnik, Mikhail I"]
[Black "Grinshpun, Eduard"]
[Result "1-0"]
[WhiteElo "2205"]
[BlackElo "2365"]
[PlyCount "68"]
[EventDate "1998.12.08"]
[EventType "tourn"]
[EventRounds "9"]
[EventCountry "ISR"]
[EventCategory "3"]
[SourceTitle "CBM 067 Extra"]
[Source "ChessBase"]
[SourceDate "1999.01.01"]
[SourceVersion "1"]
[SourceVersionDate "1999.01.01"]
[SourceQuality "1"]

1. d4 f5 2. g3 Nf6 3. Bg2 e6 4. Nf3 d5 5. 0-0 Bd6 6. c4 c6 7. b3 Qe7 8. Bb2 0-0 9. Ne5 Bd7 10. Nd2 Be8 11. Qc2 Bh5 12. e3 Nbd7 13. f4 Bxe5 14. dxe5 Ne4 15. Nf3 Rfd8 16. Nd4 c5 17. Nb5 Nb6 18. Rac1 dxc4 19. Bxe4 fxe4 20. Nd6 cxb3 21. axb3 Bg6 22. Qxc5 Nc8 23. Qc7 h5 24. Rc2 Rd7 25. Qc5 Nxd6 26. exd6 Qxd6 27. Qxd6 Rxd6 28. Rc7 Bf7 29. Bd4 b5 30. Rfc1 a6 31. Rb7 e5 32. Bxe5 Rd3 33. Bd4 Rxb3 34. Rcc7 Rb1+ 1-0

[Event "ISR-ch"]
[Site "Ramat Aviv"]
[Date "1998.11.08"]
[Round "1.2"]
[White "Grinshpun, Eduard"]
[Black "Kantsler, Boris"]
[Result "0-1"]
[WhiteElo "2365"]
[BlackElo "2535"]
[PlyCount "102"]
[EventDate "1998.11.08"]
[EventType "k.o."]
[EventRounds "5"]
[EventCountry "ISR"]
[SourceTitle "CBM 068"]
[Source "ChessBase"]
[SourceDate "1999.02.01"]
[SourceVersion "1"]
[SourceVersionDate "1999.02.01"]
[SourceQuality "1"]

1. Nf3 Nf6 2. c4 c5 3. Nc3 Nc6 4. d4 cxd4 5. Nxd4 e6 6. Ndb5 d5 7. Bf4 e5 8. cxd5 exf4 9. dxc6 bxc6 10. Qxd8+ Kxd8 11. Rd1+ Bd7 12. Nd6 Kc7 13. Nxf7 Rg8 14. g3 Rb8 15. Rd2 Bb4 16. Bg2 Bxc3 17. bxc3 Rb1+ 18. Rd1 Rxd1+ 19. Kxd1 Ng4 20. Kc1 Nxf2 21. Rf1 fxg3 22. hxg3 Ng4 23. Rf4 Re8 24. Ra4 Rxe2 25. Bf3 Rf2 26. Bxg4 Bxg4 27. Ne5 Be6 28. Rxa7+ Kd6 29. Nd3 Rf3 30. Kd2 Rxg3 31. a4 Bc4 32. Nf2 Bd5 33. a5 Rf3 34. Nd3 Rf7 35. Rxf7 Bxf7 36. a6 Kc7 37. Ne5 Be8 38. Nc4 Kb8 39. Nd6 Bd7 40. Ke3 Ka7 41. Ne4 Bc8 42. Nc5 Kb6 43. Kd4 h5 44. c4 h4 45. Ne4 Bxa6 46. c5+ Ka5 47. Ng5 Bf1 48. Nf3 h3 49. Nh2 Bg2 50. Ng4 Kb5 51. Nh2 g5 0-1

[Event "Budapest FS10 GM"]
[Site "Budapest"]
[Date "1998.10.10"]
[Round "8"]
[White "Grinshpun, Eduard"]
[Black "Hoffmann, Michael"]
[Result "1/2-1/2"]
[WhiteElo "2365"]
[BlackElo "2440"]
[PlyCount "27"]
[EventDate "1998.10.03"]
[EventType "tourn"]
[EventRounds "13"]
[EventCountry "HUN"]
[EventCategory "8"]
[SourceTitle "EXT 1999"]
[Source "ChessBase"]
[SourceDate "1998.11.16"]
[SourceVersion "1"]
[SourceVersionDate "1998.11.16"]
[SourceQuality "1"]

1. Nf3 c5 2. c4 Nf6 3. Nc3 e6 4. g3 b6 5. Bg2 Bb7 6. 0-0 d6 7. d4 cxd4 8. Qxd4 a6 9. Be3 Nbd7 10. Ng5 Bxg2 11. Kxg2 Be7 12. Nge4 Qc7 13. Rfd1 0-0 14. Rac1 1/2-1/2

[Event "Budapest FS10 GM"]
[Site "Budapest"]
[Date "1998.10.05"]
[Round "3"]
[White "Grinshpun, Eduard"]
[Black "Borocz, Istvan"]
[Result "1-0"]
[WhiteElo "2365"]
[BlackElo "2360"]
[PlyCount "83"]
[EventDate "1998.10.03"]
[EventType "tourn"]
[EventRounds "13"]
[EventCountry "HUN"]
[EventCategory "8"]
[SourceTitle "EXT 1999"]
[Source "ChessBase"]
[SourceDate "1998.11.16"]
[SourceVersion "1"]
[SourceVersionDate "1998.11.16"]
[SourceQuality "1"]

1. c4 Nf6 2. Nc3 g6 3. e4 d6 4. d4 Bg7 5. h3 0-0 6. Be3 c5 7. d5 e6 8. Bd3 exd5 9. exd5 Na6 10. Nf3 Nc7 11. a4 Nh5 12. 0-0 f5 13. Bg5 Bf6 14. Bh6 Bg7 15. Bg5 Bf6 16. Bh6 Bg7 17. Qd2 f4 18. Bxg7 Nxg7 19. Rfe1 Bf5 20. Bxf5 Nxf5 21. Re4 g5 22. Rae1 Ne8 23. Qd3 Neg7 24. h4 h6 25. hxg5 hxg5 26. Nh2 Nd4 27. Nb5 Ndf5 28. Ng4 a6 29. Nc3 Rc8 30. Re6 Rc7 31. Nh6+ Nxh6 32. Rxh6 Nf5 33. Rh5 Rh7 34. Qh3 Rxh5 35. Qxh5 Ng7 36. Qg6 f3 37. Ne4 Qe7 38. Re3 Rf5 39. Nxd6 Re5 40. Nf5 Rxe3 41. Nxe7+ Rxe7 42. gxf3 1-0

[Event "Budapest FS10 GM"]
[Site "Budapest"]
[Date "1998.10.04"]
[Round "2"]
[White "Horvath, Adam"]
[Black "Grinshpun, Eduard"]
[Result "0-1"]
[WhiteElo "2455"]
[BlackElo "2365"]
[PlyCount "76"]
[EventDate "1998.10.03"]
[EventType "tourn"]
[EventRounds "13"]
[EventCountry "HUN"]
[EventCategory "8"]
[SourceTitle "EXT 1999"]
[Source "ChessBase"]
[SourceDate "1998.11.16"]
[SourceVersion "1"]
[SourceVersionDate "1998.11.16"]
[SourceQuality "1"]

1. e4 e5 2. Nf3 Nc6 3. Bb5 a6 4. Ba4 Nf6 5. 0-0 Be7 6. Re1 b5 7. Bb3 d6 8. c3 0-0 9. h3 Na5 10. Bc2 c5 11. d4 Nd7 12. Nbd2 exd4 13. cxd4 Nc6 14. Nf1 cxd4 15. Nxd4 Nxd4 16. Qxd4 Ne5 17. f4 Nc6 18. Qf2 Bh4 19. g3 Bf6 20. Rd1 Qc7 21. Ne3 Bd4 22. Kh2 Bb7 23. Qe2 Bxe3 24. Bxe3 Rfe8 25. Rac1 Rad8 26. Bb1 Ba8 27. a4 bxa4 28. Qxa6 Rb8 29. Rd2 Rb4 30. Rc4 Bb7 31. Qxc6 Bxc6 32. Rxb4 Rb8 33. Rbd4 a3 34. b4 Bd7 35. Ba2 Be6 36. Bxe6 fxe6 37. Rxd6 a2 38. Ra6 Qc3 0-1